Clinical research : (Record no. 18498)
[ view plain ]
| 000 -LEADER | |
|---|---|
| fixed length control field | 01155cam a22003254a 4500 |
| 001 - CONTROL NUMBER | |
| control field | 13144039 |
| 005 - DATE AND TIME OF LATEST TRANSACTION | |
| control field | 20150419101849.0 |
| 008 - FIXED-LENGTH DATA ELEMENTS--GENERAL INFORMATION | |
| fixed length control field | 030401t2004 pauad frbd 001 0 eng d |
| 010 ## - LIBRARY OF CONGRESS CONTROL NUMBER | |
| LC control number | 2003045798 |
| 020 ## - INTERNATIONAL STANDARD BOOK NUMBER | |
| International Standard Book Number | 0781735181 (alk. paper) |
| 020 ## - INTERNATIONAL STANDARD BOOK NUMBER | |
| International Standard Book Number | 9780781735186 |
| 040 ## - CATALOGING SOURCE | |
| Original cataloging agency | DNLM/DLC |
| Transcribing agency | DLC |
| Modifying agency | DLC |
| -- | EG-ScBUE |
| 082 00 - DEWEY DECIMAL CLASSIFICATION NUMBER | |
| Classification number | 610.73072 |
| Edition number | 22 |
| Item number | STO |
| 100 1# - MAIN ENTRY--PERSONAL NAME | |
| Personal name | Stommel, Manfred. |
| 9 (RLIN) | 36326 |
| 245 10 - TITLE STATEMENT | |
| Title | Clinical research : |
| Remainder of title | concepts and principles for advanced practice nurses / |
| Statement of responsibility, etc | Manfred Stommel, Celia E. Wills. |
| 260 ## - PUBLICATION, DISTRIBUTION, ETC. (IMPRINT) | |
| Place of publication, distribution, etc | Philadelphia : |
| Name of publisher, distributor, etc | Lippincott Williams & Wilkins, |
| Date of publication, distribution, etc | c.2004. |
| 300 ## - PHYSICAL DESCRIPTION | |
| Extent | xvi, 462 p. : |
| Other physical details | forms, charts, tables ; |
| Dimensions | 23 cm. |
| 500 ## - GENERAL NOTE | |
| General note | Includes appendixes. |
| 500 ## - GENERAL NOTE | |
| General note | Glossary : p. 435-445. |
| 500 ## - GENERAL NOTE | |
| General note | Index : p. 447-462. |
| 504 ## - BIBLIOGRAPHY, ETC. NOTE | |
| Bibliography, etc | Includes bibliographical references. |
| 650 #0 - SUBJECT ADDED ENTRY--TOPICAL TERM | |
| Topical term or geographic name as entry element | Nursing |
| General subdivision | Research |
| -- | Methodology. |
| 9 (RLIN) | 36305 |
| 650 #0 - SUBJECT ADDED ENTRY--TOPICAL TERM | |
| Topical term or geographic name as entry element | Clinical medicine |
| General subdivision | Research |
| -- | Methodology. |
| 9 (RLIN) | 28915 |
| 650 22 - SUBJECT ADDED ENTRY--TOPICAL TERM | |
| Topical term or geographic name as entry element | Nursing Theory. |
| 9 (RLIN) | 36317 |
| 650 22 - SUBJECT ADDED ENTRY--TOPICAL TERM | |
| Topical term or geographic name as entry element | Research Design. |
| 9 (RLIN) | 33285 |
| 653 ## - INDEX TERM--UNCONTROLLED | |
| Resource For college | Nursing |
| Arrived date list | October2014 |
| -- | April2015 |
| 655 ## - INDEX TERM--GENRE/FORM | |
| Form subdivision | |
| -- | 34232 |
| 700 1# - ADDED ENTRY--PERSONAL NAME | |
| Personal name | Wills, Celia. |
| 9 (RLIN) | 36327 |
| 942 ## - ADDED ENTRY ELEMENTS (KOHA) | |
| Source of classification or shelving scheme | Dewey Decimal Classification |
| Call number prefix | 610.73072 STO |
| Withdrawn status | Item status | Source of classification or shelving scheme | Damaged status | Not for loan | Vendor | Home library | Current library | Shelving location | Date acquired | Source of acquisition | Cost, normal purchase price | Serial Enumeration / chronology | Total Checkouts | Total Renewals | Full call number | Barcode | Date last seen | Date last borrowed | Cost, replacement price | Koha item type |
|---|---|---|---|---|---|---|---|---|---|---|---|---|---|---|---|---|---|---|---|---|
| Dewey Decimal Classification | Baccah | Central Library | Central Library | First floor | 23/10/2014 | 377.00 | 20526 | 2 | 21 | 610.73072 STO | 000036782 | 15/07/2025 | 29/03/2017 | 471.25 | Book - Borrowing | |||||
| Dewey Decimal Classification | Baccah | Central Library | Central Library | First floor | 14/04/2015 | 377.00 | 21925 | 7 | 43 | 610.73072 STO | 000037995 | 15/07/2025 | 03/04/2019 | 471.25 | Book - Borrowing | |||||
| Dewey Decimal Classification | Baccah | Central Library | Central Library | First floor | 14/04/2015 | 377.00 | 21925 | 5 | 27 | 610.73072 STO | 000038011 | 15/07/2025 | 09/03/2020 | 471.25 | Book - Borrowing |